New American drama / (Record no. 200468182)

MARC details
000 -LEADER
fixed length control field 02023cam a2200481 i 4500
001 - CONTROL NUMBER
control field 200468182
003 - CONTROL NUMBER IDENTIFIER
control field TR-AnTOB
005 - DATE AND TIME OF LATEST TRANSACTION
control field 20260417152934.0
007 - PHYSICAL DESCRIPTION FIXED FIELD--GENERAL INFORMATION
fixed length control field ta
008 - FIXED-LENGTH DATA ELEMENTS--GENERAL INFORMATION
fixed length control field 260417r19701966enk 000 0 eng
010 ## - LIBRARY OF CONGRESS CONTROL NUMBER
LC control number 67073804
015 ## - NATIONAL BIBLIOGRAPHY NUMBER
National bibliography number GB6621240
Source bnb
016 7# - NATIONAL BIBLIOGRAPHIC AGENCY CONTROL NUMBER
Record control number 009026384
Source Uk
020 ## - INTERNATIONAL STANDARD BOOK NUMBER
International Standard Book Number 0140480668
Qualifying information (paperback)
International Standard Book Number 9780140480665
035 ## - SYSTEM CONTROL NUMBER
System control number (CLU)2151719-ucladb-Voyager
System control number (OCoLC)04104191
Canceled/invalid control number (OCoLC)963718500
-- (OCoLC)1051307027
-- (OCoLC)1172267407
System control number (OCoLC)ocm04104191
System control number (EXLNZ-01UCS_NETWORK)9912611547006531
System control number (TR-AnTOB)200468182
040 ## - CATALOGING SOURCE
Original cataloging agency DLC
Language of cataloging eng
Description conventions rda
Transcribing agency ISU
Modifying agency UKM
-- OCLCQ
-- OCLCF
-- OCLCQ
-- OCLCO
-- OCLCQ
-- OCL
-- CNUTO
-- TXI
-- LTU
-- HUELT
-- UKMGB
-- OCLCA
-- MM9
-- JABUK
-- OCLCO
-- OCLCA
-- OCLCO
-- OCLCQ
-- OCLCO
-- OCLCL
-- OCLCQ
-- OCLCL
-- TR-AnTOB
041 0# - LANGUAGE CODE
Language code of text/sound track or separate title İngilizce
050 04 - LIBRARY OF CONGRESS CALL NUMBER
Classification number PS634
Item number .N49 1970
080 ## - UNIVERSAL DECIMAL CLASSIFICATION NUMBER
Universal Decimal Classification number 820(73)-21-822
090 ## - LOCALLY ASSIGNED LC-TYPE CALL NUMBER (OCLC); LOCAL CALL NUMBER (RLIN)
Classification number (OCLC) (R) ; Classification number, CALL (RLIN) (NR) PS634
Local cutter number (OCLC) ; Book number/undivided call number, CALL (RLIN) .N49 1970
245 00 - TITLE STATEMENT
Title New American drama /
Statement of responsibility, etc. with an introduction by Charles Marowitz.
264 #1 - PRODUCTION, PUBLICATION, DISTRIBUTION, MANUFACTURE, AND COPYRIGHT NOTICE
Place of production, publication, distribution, manufacture Harmondsworth :
Name of producer, publisher, distributor, manufacturer Penguin Books,
Date of production, publication, distribution, manufacture, or copyright notice 1970.
300 ## - PHYSICAL DESCRIPTION
Extent 203 pages ;
Dimensions 18 cm
336 ## - CONTENT TYPE
Content type term text
Content type code txt
Source rdacontent
337 ## - MEDIA TYPE
Media type term unmediated
Media type code n
Source rdamedia
338 ## - CARRIER TYPE
Carrier type term volume
Carrier type code nc
Source rdacarrier
490 0# - SERIES STATEMENT
Series statement Penguin plays ;
Volume/sequential designation PL66
505 0# - FORMATTED CONTENTS NOTE
Formatted contents note The American dream / Edward Albee -- Gallows humour / Jack Richardson -- The typists / Murray Schisgal -- Incident at Vichy / Arthur Miller.
650 #0 - SUBJECT ADDED ENTRY--TOPICAL TERM
Topical term or geographic name entry element American drama
Chronological subdivision 20th century
9 (RLIN) 153712
700 1# - ADDED ENTRY--PERSONAL NAME
Personal name Marowitz, Charles
Relator term writer of introduction
Relator code win
Authority record control number or standard number http://id.loc.gov/authorities/names/n79110174
9 (RLIN) 153774
Relationship information Container of (work):
Personal name Albee, Edward,
Dates associated with a name 1928-2016.
Title of a work American dream
9 (RLIN) 153674
Relationship information Container of (work):
Personal name Richardson, Jack,
Dates associated with a name 1934-2012.
Title of a work Gallows humour
9 (RLIN) 153775
Relationship information Container of (work):
Personal name Schisgal, Murray,
Dates associated with a name 1926-2020.
Title of a work Typists
9 (RLIN) 153776
Relationship information Container of (work):
Personal name Miller, Arthur,
Dates associated with a name 1915-2005.
Title of a work Incident at Vichy
9 (RLIN) 153724
942 ## - ADDED ENTRY ELEMENTS (KOHA)
Source of classification or shelving scheme Library of Congress Classification
Koha item type Book
Holdings
Withdrawn status Lost status Source of classification or shelving scheme Not for loan Collection code Home library Current library Shelving location Date acquired Source of acquisition Inventory number Total Checkouts Full call number Date last seen Copy number Date shelved Koha item type Public note
    Library of Congress Classification Ödünç Verilemez-Kurumiçi kullanım / Not for loan-For inhouse use Genel Koleksiyon Tıp Fakültesi Medikal Kütüphane Tıp Fakültesi Medikal Kütüphane Genel Koleksiyon / Main Collection 18/03/2026 Bağış / Donation İDE   PS634 .N49 1970 TıpFaK 17/04/2026 1 17/04/2026 Book Donated by Prof. Dr. Şükrü Cin
Devinim Yazılım Eğitim Danışmanlık tarafından Koha'nın orjinal sürümü uyarlanarak geliştirilip kurulmuştur.